[Event "Tch-CRO 1stA liga 2016"]
[Site "Sibenik"]
[Date "2016.10.11"]
[Round "4.1"]
[White "Saric, Ivan"]
[Black "Cheparinov, Ivan"]
[Result "1/2-1/2"]
[WhiteElo "2666"]
[BlackElo "2677"]
[PlyCount "60"]
[EventDate "2016.??.??"]
[EventCountry "CRO"]

1. e4 e5 2. Nf3 Nc6 3. Bb5 Nf6 4. O-O Nxe4 5. d4 Nd6 6. Bxc6 dxc6 7. dxe5 Nf5
8. Qxd8+ Kxd8 9. Nc3 Bd7 10. Rd1 Kc8 11. Ng5 Be8 12. b3 b6 13. Bb2 Be7 14. Nge4
Kb7 15. Rd3 Rf8 16. Re1 Rd8 17. Rxd8 Bxd8 18. Ne2 c5 19. N2g3 Bd7 20. Nh5 Rg8
21. Rd1 Kc8 22. c4 a5 23. f3 a4 24. Kf2 Bc6 25. Neg3 Bh4 26. Ke2 Nxg3+ 27. hxg3
g6 28. gxh4 gxh5 29. Kf2 Bd7 30. Rd2 axb3 1/2-1/2

[Event "Tch-CRO 1stA liga 2016"]
[Site "Sibenik"]
[Date "2016.10.11"]
[Round "4.1"]
[White "Hracek, Zbynek"]
[Black "Predojevic, Borki"]
[Result "1/2-1/2"]
[WhiteElo "2594"]
[BlackElo "2640"]
[PlyCount "34"]
[EventDate "2016.??.??"]
[EventCountry "CRO"]

1. e4 c5 2. Nf3 d6 3. d4 cxd4 4. Nxd4 Nf6 5. Nc3 Bd7 6. f3 e5 7. Nb3 Be7 8. Be3
O-O 9. Qd2 a5 10. a4 Na6 11. g4 Nb4 12. O-O-O Rc8 13. Kb1 Be6 14. g5 Nh5 15.
Rg1 Kh8 16. Bb5 Qc7 17. h4 f5 1/2-1/2

[Event "Tch-CRO 1stA liga 2016"]
[Site "Sibenik"]
[Date "2016.10.11"]
[Round "4.1"]
[White "Markus, Robert"]
[Black "Sulava, Nenad"]
[Result "1-0"]
[WhiteElo "2649"]
[BlackElo "2459"]
[PlyCount "57"]
[EventDate "2016.??.??"]
[EventCountry "CRO"]

1. d4 e6 2. c4 Bb4+ 3. Bd2 Qe7 4. Nf3 Nf6 5. g3 Nc6 6. Bg2 Bxd2+ 7. Nbxd2 O-O
8. O-O a5 9. e4 e5 10. dxe5 Nxe5 11. Nd4 a4 12. Qc2 b6 13. Qc3 Qc5 14. b4 axb3
15. N2xb3 Qe7 16. Nf5 Qe8 17. f4 Nc6 18. e5 Ng4 19. e6 f6 20. e7 Rf7 21. Bd5 g6
22. h3 gxf5 23. hxg4 Qxe7 24. Rfe1 Qd8 25. Qd3 Bb7 26. Qxf5 Ne7 27. Bxf7+ Kxf7
28. Qxh7+ Kf8 29. g5 1-0

[Event "Tch-CRO 1stA liga 2016"]
[Site "Sibenik"]
[Date "2016.10.11"]
[Round "4.1"]
[White "Zivkovic, Vjekoslav"]
[Black "Jovanovic, Zoran"]
[Result "1/2-1/2"]
[WhiteElo "2366"]
[BlackElo "2526"]
[PlyCount "27"]
[EventDate "2016.??.??"]
[EventCountry "CRO"]

1. e4 d5 2. exd5 Qxd5 3. Nc3 Qd6 4. d4 Nf6 5. Nb5 Qb6 6. c4 c6 7. Nc3 g6 8. h3
Bg7 9. Nf3 O-O 10. Bd3 Na6 11. O-O Nb4 12. Bb1 a5 13. a3 Na6 14. Re1 1/2-1/2

[Event "Tch-CRO 1stA liga 2016"]
[Site "Sibenik"]
[Date "2016.10.11"]
[Round "4.1"]
[White "Kovacevic, Blazimir"]
[Black "Mrkonjic, Nenad"]
[Result "1/2-1/2"]
[WhiteElo "2478"]
[BlackElo "2353"]
[PlyCount "115"]
[EventDate "2016.??.??"]
[EventCountry "CRO"]

1. c4 Nf6 2. Nc3 e6 3. d4 d5 4. cxd5 exd5 5. Bg5 Be7 6. e3 c6 7. Bd3 Bg4 8.
Nge2 Bh5 9. O-O Bg6 10. Rb1 Nbd7 11. b4 b5 12. a4 a6 13. a5 O-O 14. Nf4 Ne8 15.
Bxe7 Qxe7 16. Nxg6 hxg6 17. e4 dxe4 18. Nxe4 Nef6 19. Qc2 Nd5 20. Qd2 N5f6 21.
Rfe1 Nxe4 22. Bxe4 Qd6 23. Qc3 Rac8 24. Bf3 Nf6 25. Qc5 Rfd8 26. Qb6 Nd5 27.
Bxd5 Qxd5 28. h3 Ra8 29. Re7 Qd6 30. Qc5 Qf6 31. Re5 Rd5 32. Rxd5 cxd5 33. Re1
Rd8 34. Re5 Qd6 35. Re8+ Kh7 36. Re7 Kg8 37. Re8+ Kh7 38. Re7 Kg8 39. g3 Qf6
40. Qc7 Rf8 41. Qc5 Rd8 42. Kg2 Kh7 43. Re5 Qd6 44. h4 Kg8 45. Re8+ Kh7 46. Re7
Qf6 47. Qc7 Rc8 48. Qe5 Kg8 49. Rd7 Rc2 50. Qxf6 gxf6 51. Rxd5 Rc4 52. Rd6 Rxb4
53. Rxa6 Rxd4 54. Rb6 Rb4 55. Kf3 f5 56. a6 Ra4 57. Ke3 Kg7 58. Rxb5 1/2-1/2

[Event "Tch-CRO 1stA liga 2016"]
[Site "Sibenik"]
[Date "2016.10.11"]
[Round "4.1"]
[White "Feletar, Darko"]
[Black "Plenca, Jadranko"]
[Result "1/2-1/2"]
[WhiteElo "2363"]
[BlackElo "2412"]
[PlyCount "53"]
[EventDate "2016.??.??"]
[EventCountry "CRO"]

1. Nf3 d5 2. d4 Nf6 3. c4 e6 4. Nc3 Be7 5. Bg5 h6 6. Bxf6 Bxf6 7. e3 O-O 8. Rc1
c6 9. Bd3 dxc4 10. Bxc4 Nd7 11. O-O e5 12. h3 exd4 13. exd4 Nb6 14. Bb3 Bf5 15.
Re1 Qd6 16. Qe2 Rad8 17. Rcd1 Qb4 18. Ne5 a5 19. Qh5 Bxe5 20. Rxe5 Be6 21. Bxe6
fxe6 22. Rxe6 Qxb2 23. Rxh6 Qxf2+ 24. Kh1 gxh6 25. Qg6+ Kh8 26. Qxh6+ Kg8 27.
Qg6+ 1/2-1/2

[Event "Tch-CRO 1stA liga 2016"]
[Site "Sibenik"]
[Date "2016.10.11"]
[Round "4.2"]
[White "Banusz, Tamas"]
[Black "Postny, Evgeny"]
[Result "1-0"]
[WhiteElo "2612"]
[BlackElo "2611"]
[PlyCount "139"]
[EventDate "2016.??.??"]
[EventCountry "CRO"]

1. Nf3 d5 2. g3 c6 3. Bg2 Bg4 4. O-O Nd7 5. h3 Bxf3 6. Bxf3 Ngf6 7. d3 e6 8.
Nc3 Bb4 9. Bd2 d4 10. Ne4 Bxd2 11. Nxd2 O-O 12. c3 e5 13. Qa4 a5 14. cxd4 Nb6
15. Qc2 Qxd4 16. Nb3 Qb4 17. a3 Qe7 18. Nc5 Ra7 19. Rfc1 Nbd7 20. Rab1 Nxc5 21.
Qxc5 Qxc5 22. Rxc5 Nd7 23. Rc4 Nb6 24. Rc5 Nd7 25. Rc3 a4 26. Rc4 Rd8 27. Rbc1
Kf8 28. Rb4 Nb8 29. Re4 f6 30. Rh4 h6 31. Rg4 b5 32. Rc3 Rd6 33. Re4 Re7 34. g4
g6 35. b3 axb3 36. Rb4 Ra7 37. Rbxb3 Kf7 38. e3 Ra6 39. Rb4 Rb6 40. Rb1 Nd7 41.
Rbc1 c5 42. Rb3 f5 43. Be2 Rb8 44. Rcb1 Rdb6 45. gxf5 gxf5 46. d4 cxd4 47. exd4
exd4 48. Rxb5 Kf6 49. a4 Rg8+ 50. Kf1 Rd6 51. Rd1 Ne5 52. f4 Ng6 53. Bd3 Ne7
54. a5 Rc8 55. Ra1 Ra8 56. Rc1 Nd5 57. Rcc5 Rad8 58. Kf2 Kg6 59. Kf3 Nc3 60.
Rb6 Rxb6 61. axb6 Rb8 62. Rc6+ Kg7 63. Ba6 Nd5 64. b7 Nb4 65. Rc7+ Kf6 66. Bc4
h5 67. Ke2 h4 68. Kd2 Kg6 69. Kc1 Kh5 70. Kb2 1-0

[Event "Tch-CRO 1stA liga 2016"]
[Site "Sibenik"]
[Date "2016.10.11"]
[Round "4.2"]
[White "Pikula, Dejan"]
[Black "Ruck, Robert"]
[Result "1/2-1/2"]
[WhiteElo "2434"]
[BlackElo "2566"]
[PlyCount "54"]
[EventDate "2016.??.??"]
[EventCountry "CRO"]

1. e4 c5 2. Nf3 d6 3. d4 cxd4 4. Nxd4 Nf6 5. Nc3 a6 6. Be3 Ng4 7. Bg5 h6 8. Bh4
g5 9. Bg3 Bg7 10. h3 Nf6 11. h4 Qb6 12. Nb3 g4 13. Qd2 Be6 14. f3 Nbd7 15.
O-O-O Rc8 16. Bf2 Qc7 17. Nd4 b5 18. Nxe6 fxe6 19. Ne2 Ne5 20. Nd4 Qd7 21. Kb1
O-O 22. Be3 Kh7 23. Bd3 Nxd3 24. Qxd3 Kh8 25. Qd2 Kh7 26. Qd3 Kh8 27. Qd2 Kh7
1/2-1/2

[Event "Tch-CRO 1stA liga 2016"]
[Site "Sibenik"]
[Date "2016.10.11"]
[Round "4.2"]
[White "Rogic, Davor"]
[Black "Djurovic, Goran"]
[Result "1/2-1/2"]
[WhiteElo "2513"]
[BlackElo "2398"]
[PlyCount "39"]
[EventDate "2016.??.??"]
[EventCountry "CRO"]

1. e4 c5 2. Nf3 d6 3. d4 cxd4 4. Nxd4 Nf6 5. Nc3 a6 6. g3 e6 7. Bg2 Qc7 8. O-O
Be7 9. Be3 Nc6 10. f4 O-O 11. Kh1 Rb8 12. a4 Re8 13. Qe2 Bf8 14. Rae1 Bd7 15.
Nb3 Na5 16. g4 Nxb3 17. cxb3 Bc6 18. g5 Nd7 19. Rc1 Qa5 20. f5 1/2-1/2

[Event "Tch-CRO 1stA liga 2016"]
[Site "Sibenik"]
[Date "2016.10.11"]
[Round "4.2"]
[White "Bukal, Vladimir Jr"]
[Black "Rubil, Marko"]
[Result "1/2-1/2"]
[WhiteElo "2422"]
[BlackElo "2306"]
[PlyCount "58"]
[EventDate "2016.??.??"]
[EventCountry "CRO"]

1. b3 e5 2. Bb2 Nc6 3. e3 Nf6 4. Bb5 Bd6 5. Ne2 a6 6. Bxc6 dxc6 7. d3 O-O 8.
Nd2 Re8 9. O-O Ng4 10. h3 Nh6 11. e4 Qg5 12. Nf3 Qe7 13. Ng3 Kh8 14. Kh1 f6 15.
Nh4 g6 16. f4 exf4 17. Nh5 Rf8 18. Nxf4 Bxf4 19. Rxf4 g5 20. Qh5 Qg7 21. Rxf6
Rxf6 22. Qe8+ Ng8 23. Nf5 Bxf5 24. Qxa8 Be6 25. Qxb7 g4 26. hxg4 Qh6+ 27. Kg1
Qe3+ 28. Kh1 Qh6+ 29. Kg1 Qe3+ 1/2-1/2

[Event "Tch-CRO 1stA liga 2016"]
[Site "Sibenik"]
[Date "2016.10.11"]
[Round "4.2"]
[White "Dabo-Peranic, Robert"]
[Black "Dutina, Dario"]
[Result "1-0"]
[WhiteElo "2332"]
[BlackElo "2304"]
[PlyCount "95"]
[EventDate "2016.??.??"]
[EventCountry "CRO"]

1. d4 d6 2. e4 Nf6 3. Nc3 e5 4. Nf3 Nbd7 5. Bc4 Be7 6. a4 O-O 7. O-O c6 8. h3
exd4 9. Qxd4 Nc5 10. Rd1 a5 11. Bf4 Qb6 12. Qe3 Qb4 13. b3 Be6 14. Nd4 Rfe8 15.
Ncb5 Nxb3 16. cxb3 cxb5 17. Bxb5 Rec8 18. Nxe6 fxe6 19. Bc4 d5 20. exd5 exd5
21. Bxd5+ Nxd5 22. Rxd5 Bf6 23. Rad1 Re8 24. Qg3 Rad8 25. Rxd8 Rxd8 26. Rxd8+
Bxd8 27. Qd3 Qe7 28. Qd5+ Kh8 29. Qe5 Qxe5 30. Bxe5 Kg8 31. Kf1 Kf7 32. Ke2 g6
33. Kd3 Ke6 34. Ke4 h5 35. g4 hxg4 36. hxg4 Bb6 37. f4 Bc5 38. f5+ gxf5+ 39.
gxf5+ Kd7 40. Bc3 b6 41. Kd5 Bf8 42. Bd4 Kc7 43. f6 Bb4 44. f7 Bf8 45. Be3 Kb7
46. Bf4 b5 47. axb5 Kb6 48. Ke4 1-0

[Event "Tch-CRO 1stA liga 2016"]
[Site "Sibenik"]
[Date "2016.10.11"]
[Round "4.2"]
[White "Bozinovic, Bogdan"]
[Black "Matanovic, Luka"]
[Result "0-1"]
[WhiteElo "2207"]
[BlackElo "2183"]
[PlyCount "78"]
[EventDate "2016.??.??"]
[EventCountry "CRO"]

1. d4 d5 2. c4 e6 3. Nc3 Nf6 4. Nf3 Be7 5. Bg5 O-O 6. Rc1 h6 7. Bh4 c6 8. e3
Ne4 9. Bxe7 Qxe7 10. Bd3 Nxc3 11. Rxc3 dxc4 12. Rxc4 Nd7 13. O-O e5 14. dxe5
Nxe5 15. Re4 Nxf3+ 16. Qxf3 Be6 17. Bc4 Rad8 18. Rd1 Qb4 19. b3 b5 20. Bf1 Qxe4
21. Rxd8 Qxf3 22. Rxf8+ Kxf8 23. gxf3 Ke7 24. Bd3 Kd6 25. f4 g6 26. Bc2 Kc5 27.
a3 b4 28. a4 Kb6 29. Kf1 c5 30. Ke1 c4 31. bxc4 Bxc4 32. Kd2 Ka5 33. Bd1 Be6
34. h4 b3 35. Kc3 Kxa4 36. e4 Ka3 37. h5 b2 38. Bc2 gxh5 39. f5 Ba2 0-1

[Event "Tch-CRO 1stA liga 2016"]
[Site "Sibenik"]
[Date "2016.10.11"]
[Round "4.3"]
[White "Sprenger, Jan Michael"]
[Black "Dreev, Aleksey"]
[Result "1/2-1/2"]
[WhiteElo "2513"]
[BlackElo "2660"]
[PlyCount "82"]
[EventDate "2016.??.??"]
[EventCountry "CRO"]

1. e4 c6 2. d4 d5 3. e5 Bf5 4. Nf3 e6 5. Be2 Ne7 6. O-O h6 7. Nbd2 Bh7 8. Nb3
Nd7 9. a4 Ng6 10. a5 Be7 11. Ne1 c5 12. Nxc5 Bxc5 13. dxc5 Nxc5 14. Bb5+ Nd7
15. c4 a6 16. Ba4 Ne7 17. Qg4 O-O 18. Nf3 Bf5 19. Qd4 Rc8 20. cxd5 Nxd5 21. Bd2
Nc5 22. Bd1 Be4 23. Ra3 Nc7 24. Bb4 Qxd4 25. Nxd4 Nd5 26. Bd2 Nd3 27. Bc2 Nxf2
28. Rxf2 Bxc2 29. Bxh6 Bg6 30. Bg5 Rc4 31. Rd2 Rfc8 32. Rb3 R8c7 33. Kf2 Ra4
34. Nf3 Be4 35. Rd4 Rc2+ 36. Rd2 Rcc4 37. Rxb7 Bxf3 38. b3 Rcb4 39. bxa4 Rxb7
40. Kxf3 Rb4 41. Rc2 Rxa4 1/2-1/2

[Event "Tch-CRO 1stA liga 2016"]
[Site "Sibenik"]
[Date "2016.10.11"]
[Round "4.3"]
[White "Lalic, Bogdan"]
[Black "Rade, Miroslav"]
[Result "1/2-1/2"]
[WhiteElo "2438"]
[BlackElo "2451"]
[PlyCount "31"]
[EventDate "2016.??.??"]
[EventCountry "CRO"]

1. d4 Nf6 2. c4 e6 3. Nc3 Bb4 4. Qc2 O-O 5. a3 Bxc3+ 6. Qxc3 b6 7. Bg5 Bb7 8.
e3 d6 9. Ne2 Nbd7 10. Qc2 c5 11. Rd1 Qc8 12. Nc3 cxd4 13. Rxd4 d5 14. Be2 h6
15. Bxf6 Nxf6 16. O-O 1/2-1/2

[Event "Tch-CRO 1stA liga 2016"]
[Site "Sibenik"]
[Date "2016.10.11"]
[Round "4.3"]
[White "Doric, Darko"]
[Black "Plenkovic, Zdenko"]
[Result "0-1"]
[WhiteElo "2481"]
[BlackElo "2405"]
[PlyCount "108"]
[EventDate "2016.??.??"]
[EventCountry "CRO"]

1. d4 Nf6 2. c4 g6 3. Nc3 Bg7 4. e4 d6 5. Nf3 O-O 6. Be2 e5 7. O-O exd4 8. Nxd4
Re8 9. f3 Nc6 10. Be3 Nh5 11. Qd2 Nf4 12. Rfd1 Nxe2+ 13. Ncxe2 Be6 14. Rac1 Qe7
15. Nf4 Nxd4 16. Bxd4 f6 17. Nd5 Qf7 18. b3 Rad8 19. Qa5 c6 20. Nf4 b6 21. Qd2
Bh6 22. Be3 Bc8 23. Re1 f5 24. exf5 Bxf5 25. Nd5 Bg7 26. Nc3 Qf6 27. g4 Bc8 28.
Kg2 Rf8 29. Rf1 Rde8 30. Rf2 Qe5 31. Bh6 Bxh6 32. Qxh6 Bxg4 33. Qd2 Bh5 34.
Rcf1 Rf4 35. Ne4 Bxf3+ 36. Rxf3 Rxe4 37. Qh6 Qe7 38. Rf7 Re2+ 39. Kg1 Qxf7 40.
Rxf7 Kxf7 41. Qxh7+ Kf6 42. Qh4+ Kf5 43. Qh3+ Ke4 44. Qg4+ Kd3 45. Qxg6+ Kc3
46. Qf6+ Kc2 47. h4 Kb1 48. Qxd6 Rc2 49. Kf1 Re3 50. Qxc6 Kxa2 51. c5 Rd3 52.
Ke1 bxc5 53. b4 c4 54. h5 Ra3 0-1

[Event "Tch-CRO 1stA liga 2016"]
[Site "Sibenik"]
[Date "2016.10.11"]
[Round "4.3"]
[White "Loncar, Robert"]
[Black "Ivic, Mateo"]
[Result "1-0"]
[WhiteElo "2380"]
[BlackElo "2234"]
[PlyCount "81"]
[EventDate "2016.??.??"]
[EventCountry "CRO"]

1. d4 Nf6 2. c4 g6 3. Nc3 Bg7 4. e4 d6 5. h3 O-O 6. Bg5 h6 7. Be3 c5 8. d5 e6
9. Nf3 Re8 10. Bd3 a6 11. a4 exd5 12. cxd5 Nbd7 13. O-O Rb8 14. Bf4 c4 15. Bc2
Nc5 16. Re1 b5 17. axb5 axb5 18. Nd4 b4 19. Nc6 Qb6 20. Na4 Nxa4 21. Rxa4 b3
22. Bb1 Ba6 23. Bxd6 Rbc8 24. Ne7+ Rxe7 25. Bxe7 Nd7 26. Ba3 Bb5 27. Rb4 Bf8
28. e5 Bxb4 29. Bxb4 Nc5 30. Qg4 Bd7 31. Bxc5 Qa5 32. Qd1 Rxc5 33. e6 Rxd5 34.
exd7 Rxd1 35. Rxd1 Qd8 36. Be4 Kf8 37. Bc6 c3 38. bxc3 Ke7 39. Ba4 b2 40. Bc2
f5 41. c4 1-0

[Event "Tch-CRO 1stA liga 2016"]
[Site "Sibenik"]
[Date "2016.10.11"]
[Round "4.3"]
[White "Susak, Zeljko"]
[Black "Doric, Nenad"]
[Result "1/2-1/2"]
[WhiteElo "2206"]
[BlackElo "2246"]
[PlyCount "39"]
[EventDate "2016.??.??"]
[EventCountry "CRO"]

1. e4 e5 2. Bc4 Nf6 3. Nc3 Nc6 4. d3 Na5 5. Nge2 c6 6. O-O Be7 7. a4 Nxc4 8.
dxc4 a5 9. Qd3 O-O 10. h3 d6 11. b3 Nd7 12. Ba3 Nc5 13. Bxc5 dxc5 14. Qe3 Qc7
15. Rad1 Be6 16. Rd3 Rad8 17. Rfd1 Rxd3 18. Rxd3 Rd8 19. Rxd8+ Qxd8 20. Qd3
1/2-1/2

[Event "Tch-CRO 1stA liga 2016"]
[Site "Sibenik"]
[Date "2016.10.11"]
[Round "4.4"]
[White "Zovko, Mario"]
[Black "Stevic, Hrvoje"]
[Result "0-1"]
[WhiteElo "2323"]
[BlackElo "2602"]
[PlyCount "90"]
[EventDate "2016.??.??"]
[EventCountry "CRO"]

1. e4 c5 2. c3 d5 3. exd5 Qxd5 4. d4 Nf6 5. Nf3 e6 6. Na3 Nc6 7. Nc2 Be7 8. Be2
O-O 9. dxc5 Bxc5 10. Be3 Bxe3 11. Nxe3 Qc5 12. O-O e5 13. Qa4 a6 14. Rfd1 h6
15. Rac1 Be6 16. b4 Qe7 17. a3 Rfd8 18. Qc2 Nd5 19. Nxd5 Bxd5 20. Qb2 e4 21.
Nd4 e3 22. Bf1 Nxd4 23. Rxd4 Bc6 24. Rcd1 Rxd4 25. Rxd4 Re8 26. Qe2 Qg5 27. h4
exf2+ 28. Qxf2 Qc1 29. Qd2 Qxa3 30. Rd8 Qb3 31. Qd4 Qe6 32. Bc4 Qe7 33. Rxe8+
Qxe8 34. Bd3 g6 35. Kf2 Qe7 36. g3 h5 37. Bc4 Kh7 38. Bd3 Qe6 39. Bc4 Qf5+ 40.
Ke1 Qf3 41. Qe5 Be4 42. Be2 Qe3 43. Qc7 Bd5 44. c4 Be6 45. b5 Qc3+ 0-1

[Event "Tch-CRO 1stA liga 2016"]
[Site "Sibenik"]
[Date "2016.10.11"]
[Round "4.4"]
[White "Palac, Mladen"]
[Black "Mrdja, Milan"]
[Result "1/2-1/2"]
[WhiteElo "2618"]
[BlackElo "2315"]
[PlyCount "83"]
[EventDate "2016.??.??"]
[EventCountry "CRO"]

1. e4 e6 2. d4 d5 3. Nc3 dxe4 4. Nxe4 Bd7 5. Nf3 Bc6 6. Bd3 Nd7 7. O-O Ngf6 8.
Ng3 Bxf3 9. Qxf3 c6 10. Re1 Be7 11. c3 O-O 12. Bf4 Re8 13. Rad1 Qa5 14. a3 Rad8
15. Bc2 Nf8 16. Ne4 Nxe4 17. Bxe4 Bd6 18. Bc1 Qc7 19. h4 Rd7 20. g3 Qd8 21. Qe2
Be7 22. Kg2 Bf6 23. f4 Qc8 24. Rd3 Red8 25. Red1 Rd6 26. Be3 g6 27. h5 Bg7 28.
c4 R6d7 29. Bf3 Re7 30. b4 a6 31. Bf2 Rde8 32. Qa2 Nd7 33. hxg6 hxg6 34. a4 Nf6
35. Qb3 Rc7 36. a5 Rd7 37. R1d2 Red8 38. Be3 Rd6 39. Qd1 R6d7 40. Bf2 Bf8 41.
Qb3 Bg7 42. Be3 1/2-1/2

[Event "Tch-CRO 1stA liga 2016"]
[Site "Sibenik"]
[Date "2016.10.11"]
[Round "4.4"]
[White "Jukic, Zdenko"]
[Black "Jankovic, Alojzije"]
[Result "0-1"]
[WhiteElo "2314"]
[BlackElo "2579"]
[PlyCount "92"]
[EventDate "2016.??.??"]
[EventCountry "CRO"]

1. e4 c5 2. c3 Nf6 3. e5 Nd5 4. d4 cxd4 5. cxd4 d6 6. exd6 Qxd6 7. Nc3 Nc6 8.
Nf3 Bg4 9. Be2 e6 10. O-O Be7 11. Qb3 Qb4 12. Nxd5 Qxb3 13. axb3 exd5 14. Be3
O-O 15. h3 Bf5 16. Rfc1 Bd6 17. g4 Be4 18. Nd2 Bg6 19. f4 Rfe8 20. Kf2 Rxe3 21.
Kxe3 Re8+ 22. Kf2 Bxf4 23. Rxc6 bxc6 24. Nf3 c5 25. dxc5 Be3+ 26. Kf1 Bxc5 27.
Ra5 Rc8 28. b4 Bb6 29. Rxd5 f6 30. Bd3 Be8 31. b5 Kf8 32. Nd2 Bf7 33. Rd7 h5
34. Ne4 Rc1+ 35. Ke2 hxg4 36. hxg4 Be6 37. Rb7 Bxg4+ 38. Kd2 Rc7 39. Rb8+ Rc8
40. Rxc8+ Bxc8 41. Nd6 Be6 42. Bg6 Bc7 43. Ne4 Bf7 44. Bf5 Ke7 45. Nc3 g6 46.
Bd3 f5 0-1

[Event "Tch-CRO 1stA liga 2016"]
[Site "Sibenik"]
[Date "2016.10.11"]
[Round "4.4"]
[White "Zelcic, Robert"]
[Black "Rosandic, Denis"]
[Result "1-0"]
[WhiteElo "2518"]
[BlackElo "2232"]
[PlyCount "117"]
[EventDate "2016.??.??"]
[EventCountry "CRO"]

1. e4 g6 2. d4 c6 3. Nc3 d5 4. Nf3 Bg7 5. h3 Nf6 6. e5 Ne4 7. Nxe4 dxe4 8. Ng5
c5 9. dxc5 Qa5+ 10. c3 Qxc5 11. e6 Bxe6 12. Nxe6 fxe6 13. Be3 Qc6 14. Qb3 a6
15. Bc4 Kf7 16. O-O Nd7 17. a4 Bf6 18. a5 Ne5 19. Be2 Rhd8 20. Kh1 Rd7 21. Ra4
Nd3 22. f3 Nc5 23. Bxc5 Qxc5 24. Rxe4 Rd6 25. Qxb7 Rad8 26. Qb4 Qg5 27. f4 Qg3
28. Qc4 Kg7 29. Rxe6 Rxe6 30. Qxe6 Rd2 31. Qxa6 Rxb2 32. Qe6 Qxc3 33. a6 Qc5
34. Rd1 Rb4 35. Rf1 Ra4 36. Qb3 Ra1 37. Rxa1 Bxa1 38. Qb1 Bd4 39. Bf3 Qa3 40.
Bb7 Qe3 41. Qf1 Bc5 42. Bd5 Bd4 43. Bc4 Ba7 44. Kh2 Bd4 45. g3 Kh6 46. Kg2 Bc5
47. h4 Qd4 48. Be2 Kg7 49. Bf3 e5 50. fxe5 Qxe5 51. Qb5 Qd4 52. Qb7+ Kh6 53.
Kh3 Qg1 54. Qd5 Bf2 55. Bg2 Ba7 56. Qg5+ Kg7 57. Qe7+ Kh6 58. Qf8+ Kh5 59. Bf3#
1-0

[Event "Tch-CRO 1stA liga 2016"]
[Site "Sibenik"]
[Date "2016.10.11"]
[Round "4.5"]
[White "Repka, Christopher"]
[Black "Kozul, Zdenko"]
[Result "0-1"]
[WhiteElo "2473"]
[BlackElo "2619"]
[PlyCount "126"]
[EventDate "2016.??.??"]
[EventCountry "CRO"]

1. d4 Nf6 2. Nf3 g6 3. Nc3 d5 4. Bf4 Bg7 5. e3 Bg4 6. Nb5 Na6 7. h3 Bxf3 8.
Qxf3 c6 9. Na3 O-O 10. c3 Qb6 11. Rb1 Nd7 12. Bxa6 Qxa6 13. Qe2 Qa5 14. O-O e5
15. dxe5 Nxe5 16. Qc2 Qa6 17. Rfd1 Rad8 18. e4 Nc4 19. exd5 Nxa3 20. bxa3 Rxd5
21. Rxd5 cxd5 22. Qb3 b6 23. Qxd5 Qxa3 24. Bd6 Rd8 25. Qxf7+ Kxf7 26. Bxa3 Rd2
27. Rb2 Rd1+ 28. Kh2 Bxc3 29. Rc2 Be5+ 30. g3 a5 31. Kg2 Bd4 32. Kf3 Rd3+ 33.
Ke4 Rxa3 34. Kxd4 b5 35. Ke5 b4 36. h4 Rc3 37. Rd2 Ke7 38. Rd5 Ra3 39. Rd2 Rc3
40. Re2 Kd7 41. Kf6 Kc8 42. Kg7 Rc7+ 43. Kh6 Kb7 44. f4 Kb6 45. h5 gxh5 46.
Re6+ Kb5 47. Re5+ Ka4 48. Re2 Rc3 49. Rg2 b3 50. Kxh7 Ka3 51. axb3 Kxb3 52. f5
Rf3 53. Kg6 a4 54. Kxh5 Rxf5+ 55. Kh6 Rf6+ 56. Kh5 Ra6 57. g4 a3 58. Rg1 a2 59.
Ra1 Kb2 60. Rxa2+ Rxa2 61. g5 Kc3 62. Kg6 Kd4 63. Kf5 Kd5 0-1

[Event "Tch-CRO 1stA liga 2016"]
[Site "Sibenik"]
[Date "2016.10.11"]
[Round "4.5"]
[White "Martinovic, Sasa"]
[Black "Zajic, Milan"]
[Result "1/2-1/2"]
[WhiteElo "2563"]
[BlackElo "2486"]
[PlyCount "44"]
[EventDate "2016.??.??"]
[EventCountry "CRO"]

1. d4 Nf6 2. c4 e6 3. Nc3 Bb4 4. Qc2 O-O 5. Nf3 d6 6. Bd2 c5 7. dxc5 Bxc5 8. g3
a6 9. Bg2 h6 10. O-O Nc6 11. Rfd1 Qe7 12. e3 Rd8 13. a3 Ba7 14. b4 d5 15. b5
axb5 16. cxb5 Nb8 17. Na4 Nbd7 18. Ba5 b6 19. Bb4 Qe8 20. Nd4 Bb7 21. Qc7 Bb8
22. Qxb7 Ra7 1/2-1/2

[Event "Tch-CRO 1stA liga 2016"]
[Site "Sibenik"]
[Date "2016.10.11"]
[Round "4.5"]
[White "Medak, Bojan"]
[Black "Kurajica, Bojan"]
[Result "1-0"]
[WhiteElo "2386"]
[BlackElo "2533"]
[PlyCount "61"]
[EventDate "2016.??.??"]
[EventCountry "CRO"]

1. Nf3 Nf6 2. c4 e6 3. Nc3 Bb4 4. Qc2 c5 5. a3 Ba5 6. d4 cxd4 7. Nxd4 Nc6 8.
Nxc6 bxc6 9. c5 d5 10. cxd6 Qxd6 11. Bd2 O-O 12. g3 Ba6 13. Bg2 Rad8 14. Rd1 c5
15. O-O Qe5 16. Bf4 Qh5 17. Bf3 Ng4 18. h4 e5 19. Bg5 Rd4 20. Rxd4 cxd4 21. Nd5
f6 22. Qc6 e4 23. Qe6+ Qf7 24. Bxg4 Bc4 25. Ne7+ Kh8 26. Qxf7 Rxf7 27. Nc6 Bb6
28. Rc1 Ba6 29. Nb4 Bb7 30. Bc8 Ba8 31. Bf4 1-0

[Event "Tch-CRO 1stA liga 2016"]
[Site "Sibenik"]
[Date "2016.10.11"]
[Round "4.5"]
[White "Kovacevic, Vlatko"]
[Black "Blazeka, Matej"]
[Result "1-0"]
[WhiteElo "2449"]
[BlackElo "2266"]
[PlyCount "107"]
[EventDate "2016.??.??"]
[EventCountry "CRO"]

1. d4 Nf6 2. Nf3 g6 3. c4 Bg7 4. Nc3 d6 5. Bg5 O-O 6. e3 c5 7. Be2 Bf5 8. O-O
h6 9. Bh4 Ne4 10. Nxe4 Bxe4 11. Qd2 Re8 12. Rad1 Qb6 13. b3 a5 14. d5 a4 15.
Bd3 Bxf3 16. gxf3 axb3 17. axb3 Qxb3 18. Rb1 Ra2 19. Rxb3 Rxd2 20. Bb1 g5 21.
Bg3 Rb2 22. Rxb2 Bxb2 23. Bd3 Bc3 24. Rb1 Bb4 25. f4 Nd7 26. fxg5 hxg5 27. Kg2
Ne5 28. Bxe5 dxe5 29. Ra1 Kg7 30. Ra7 Rb8 31. Be4 b5 32. cxb5 Rxb5 33. Rxe7 c4
34. Rxe5 f6 35. Re6 f5 36. Bxf5 Rxd5 37. Rg6+ Kf7 38. Rb6 Rxf5 39. Rxb4 Rc5 40.
Kf3 c3 41. Rb1 c2 42. Rc1 Rc4 43. h3 Kf6 44. Ke2 Rh4 45. Rxc2 Rxh3 46. Rc6+ Kf5
47. Rc5+ Kf6 48. f3 Rh2+ 49. Kd3 Ra2 50. e4 Ra3+ 51. Ke2 Ra2+ 52. Ke3 Rb2 53.
Rc6+ Ke5 54. Rg6 1-0

[Event "Tch-CRO 1stA liga 2016"]
[Site "Sibenik"]
[Date "2016.10.11"]
[Round "4.5"]
[White "Brumen, Dinko"]
[Black "Muse, Mladen"]
[Result "0-1"]
[WhiteElo "2338"]
[BlackElo "2379"]
[PlyCount "120"]
[EventDate "2016.??.??"]
[EventCountry "CRO"]

1. d4 Nf6 2. Bg5 Ne4 3. Bf4 e6 4. Nd2 d5 5. e3 c5 6. Nxe4 dxe4 7. dxc5 Qa5+ 8.
c3 Qxc5 9. Qa4+ Nc6 10. Qxe4 e5 11. Bg3 Be6 12. Rd1 Bxa2 13. Nf3 f6 14. Qg4 Qe7
15. Qa4 Be6 16. Bb5 Qc5 17. O-O a6 18. Be2 Be7 19. Nd2 O-O 20. Ne4 Qa5 21. Qxa5
Nxa5 22. f4 Nc4 23. Bxc4 Bxc4 24. Rf2 Rad8 25. Rfd2 exf4 26. Bxf4 Bb3 27. Rxd8
Rxd8 28. Rd4 Bd5 29. Nd6 Bc6 30. Nf5 Re8 31. Nxe7+ Rxe7 32. h4 h5 33. Kf2 Kf7
34. c4 Ke6 35. b4 g5 36. Bg3 Rg7 37. Rd6+ Kf5 38. hxg5 fxg5 39. b5 axb5 40.
cxb5 Be4 41. Rd8 Kg4 42. Bb8 Rf7+ 43. Kg1 Re7 44. Kh2 h4 45. Rd4 Re8 46. Bc7
Kf5 47. g3 h3 48. Rd8 Re7 49. Bd6 Re6 50. Rf8+ Kg4 51. Bb8 Bf3 52. Bf4 Be4 53.
Rg8 Bg6 54. Bc7 Rf6 55. Kg1 Be4 56. Bf4 Rf5 57. Re8 Bf3 58. Be5 Bg2 59. Bf4
gxf4 60. gxf4 Rxb5 0-1

[Event "Tch-CRO 1stA liga 2016"]
[Site "Sibenik"]
[Date "2016.10.11"]
[Round "4.5"]
[White "Armanda, Ivica"]
[Black "Vujakovic, Branko"]
[Result "0-1"]
[WhiteElo "2345"]
[BlackElo "2360"]
[PlyCount "74"]
[EventDate "2016.??.??"]
[EventCountry "CRO"]

1. e4 d6 2. d4 Nf6 3. Nc3 g6 4. Bg5 Bg7 5. Qd2 Nbd7 6. O-O-O h6 7. Bh4 g5 8.
Bg3 Nh5 9. Bc4 c5 10. Nge2 Nxg3 11. hxg3 a6 12. dxc5 Nxc5 13. f4 b5 14. Bd5 Rb8
15. e5 Bg4 16. Rhf1 b4 17. Ne4 Nxe4 18. Bxe4 Qa5 19. Kb1 Rb6 20. Bf3 Be6 21.
Nc1 O-O 22. Be4 Qb5 23. Rde1 Bc4 24. Bd3 dxe5 25. fxg5 a5 26. Rh1 Bxd3 27. Nxd3
e4 28. gxh6 Bc3 29. h7+ Kh8 30. Qe3 exd3 31. Qxe7 dxc2+ 32. Ka1 Bg7 33. Qe3 b3
34. a3 Qa4 35. Qe7 Qd4 36. Qxf8+ Bxf8 37. Re8 Qd1+ 0-1